[Event "San Francisco TNM Wilkerson U2000 op"]
[Site "San Francisco"]
[Date "2020.01.07"]
[Round "1"]
[White "Royzen, Igor"]
[Black "Lin, Aung Tun"]
[Result "1-0"]
[WhiteElo "1854"]
[BlackElo "1762"]
[PlyCount "55"]
[EventDate "2020.01.07"]
[EventType "swiss"]
[EventRounds "7"]
[EventCountry "USA"]
[SourceTitle "EXT 2021"]
[Source "ChessBase"]
[SourceDate "2020.10.23"]
[SourceVersion "1"]
[SourceVersionDate "2020.10.23"]
[SourceQuality "1"]

1. d4 Nf6 2. Bf4 e6 3. e3 b6 4. Nf3 Bb7 5. Bd3 Nh5 6. Bg5 Be7 7. Bxe7 Qxe7 8. c3 f5 9. Nbd2 0-0 10. 0-0 d6 11. Qe2 a5 12. g3 Nd7 13. e4 f4 14. e5 dxe5 15. Nxe5 Ndf6 16. Rae1 Qe8 17. Bb5 c6 18. Bd3 Kh8 19. Ne4 Rd8 20. Ng5 c5 21. Nxe6 Rd6 22. Nxf8 Qxf8 23. Bc4 Bd5 24. Bxd5 Rxd5 25. g4 g6 26. gxh5 Nxh5 27. Nf3 Qf5 28. Qe6 1-0

[Event "San Francisco TNM Fall op"]
[Site "San Francisco"]
[Date "2016.12.13"]
[Round "9"]
[White "Steigum, Erling"]
[Black "Lin, Aung Tun"]
[Result "1-0"]
[WhiteElo "1916"]
[BlackElo "1681"]
[PlyCount "69"]
[EventDate "2016.10.18"]
[EventType "swiss"]
[EventRounds "9"]
[EventCountry "USA"]
[SourceTitle "EXT 2018"]
[Source "ChessBase"]
[SourceDate "2017.10.13"]
[SourceVersion "1"]
[SourceVersionDate "2017.10.13"]
[SourceQuality "1"]

1. d4 Nf6 2. Nf3 e6 3. Bg5 Be7 4. c4 b6 5. Nc3 Bb7 6. Qc2 d6 7. e4 Nbd7 8. 0-0-0 h6 9. Bf4 Nh5 10. Be3 c5 11. Be2 Nhf6 12. h3 a6 13. e5 Nh7 14. d5 Ng5 15. exd6 Bf6 16. Nxg5 Bxg5 17. dxe6 Nf6 18. Bxg5 hxg5 19. Bf3 Bxf3 20. gxf3 fxe6 21. Qg6+ Kf8 22. Rhe1 Qd7 23. Ne4 Nxe4 24. Rxe4 Re8 25. Qxg5 Rxh3 26. Rf4+ Kg8 27. Rg1 Rh7 28. Qg6 e5 29. Rf6 Kh8 30. Rf7 Qa4 31. Rxg7 Qxc4+ 32. Kb1 Qd3+ 33. Qxd3 Rxg7 34. Rh1+ Kg8 35. Qd5+ 1-0

[Event "San Francisco TNM Fall op"]
[Site "San Francisco"]
[Date "2014.11.26"]
[Round "5"]
[White "Lin, Aung Tun"]
[Black "Maser, Thomas F"]
[Result "1-0"]
[WhiteElo "1689"]
[BlackElo "1914"]
[PlyCount "55"]
[EventDate "2014.10.21"]
[EventType "swiss"]
[EventRounds "8"]
[EventCountry "USA"]
[SourceTitle "EXT 2016"]
[Source "ChessBase"]
[SourceDate "2015.10.08"]
[SourceVersion "1"]
[SourceVersionDate "2015.10.08"]
[SourceQuality "1"]

1. f4 Nf6 2. Nf3 g6 3. b3 Bg7 4. Bb2 0-0 5. e3 d5 6. c4 Bg4 7. h3 Bd7 8. Qc2 Nc6 9. a3 dxc4 10. Bxc4 Bf5 11. Qc3 Qd6 12. d3 Rad8 13. 0-0 Bxd3 14. Rd1 Nh5 15. Ne5 Nxf4 16. exf4 Qc5+ 17. Kh2 Bxc4 18. Rxd8 Rxd8 19. Qxc4 Qxc4 20. Nxc4 Nd4 21. Bxd4 Rxd4 22. Ra2 Rxf4 23. Re2 Kf8 24. Nbd2 b5 25. Ne5 c5 26. Nd7+ Ke8 27. Nxc5 Bb2 28. Nd3 1-0

[Event "San Francisco TNM Litowsky op"]
[Site "San Francisco"]
[Date "2011.08.09"]
[Round "2"]
[White "Lin, Aung Tun"]
[Black "Morgan, Jerry"]
[Result "0-1"]
[WhiteElo "1702"]
[BlackElo "1442"]
[PlyCount "66"]
[EventDate "2011.08.02"]
[EventType "swiss"]
[EventRounds "9"]
[EventCountry "USA"]
[SourceTitle "EXT 2016"]
[Source "ChessBase"]
[SourceDate "2015.10.08"]
[SourceVersion "1"]
[SourceVersionDate "2015.10.08"]
[SourceQuality "1"]

1. Nf3 f5 2. b3 d6 3. e3 Nf6 4. Bc4 c6 5. 0-0 d5 6. Be2 Nbd7 7. Bb2 Ng4 8. h3 Nh6 9. Ng5 Nf6 10. f4 Ne4 11. Bh5+ g6 12. Bxg6+ hxg6 13. Bxh8 Nxg5 14. fxg5 Nf7 15. Bb2 e5 16. h4 Qd6 17. Qe2 Qe6 18. a4 Bd7 19. Ba3 0-0-0 20. b4 e4 21. b5 Bg7 22. c3 Ne5 23. Bc5 Rh8 24. g3 Kb8 25. Bd4 Nf3+ 26. Kg2 Be5 27. b6 a6 28. Na3 Kc8 29. Nc2 f4 30. exf4 Qh3+ 31. Kf2 Qh2+ 32. Ke3 Qxg3 33. Rxf3 Bxf4# 0-1